000 01457nam0a22003011 4500
001 rc\2211438
005 20260331132816.0
035 _a(NLR Aleph) 006619867
090 _a7437769
_c7437769
100 _a20110829d1979 u y0rusy50 ca
101 0 _arus
102 _aRU
105 _ay z |||||
200 1 _aПорядок проведения проверок соблюдения предприятиями требований к надежности выпускаемой продукции
_eМетодика
_e(1-я ред.)
_fГос. ком. СССР по стандартам, ВНИИ по нормализации в машиностроении ВНИИНмаш
_g[Исполн.: к. т. н. Дорофеев В.Ф., Николаев В.Б., Ермилов С.Л., Аброзевич Х.А.]
210 _aМосква
_cБ. и.
_d1979
215 _a18 с.
_d20
702 1 _aНиколаев
_bВ. Б.
_cметодист, стандартизация
_gВладимир Борисович
_3RU\NLR\AUTH\770291762
_4220
702 1 _aАброзевич
_bХ. А.
_4220
702 1 _aЕрмилов
_bС. Л.
_4220
702 1 _aДорофеев
_bВ. Ф.
_4220
712 0 2 _aВНИИ по нормализации в машиностроении
_3RU\NLR\AUTH\889929882
801 0 _aRU
_bNLR
_gpsbo
801 1 _aRU
_bELAR
_2rusmarc
852 _aNLR
_j79-4/23506
899 _aRuMoRGB
_jМ 79-18/1141
942 _cBOOK
980 _aNB